000 00554nam a2200181Ia 4500
008 090201s9999 xx 000 0 und d
010 _aKPL-67436
040 _bमराठी
041 _aमराठी
082 _a44651
_b67436
100 _aयशवंत देव
245 _aकधी बहर कधी शिशिर
_cयशवंत देव
250 _a1
260 _c2005
_bअनघा प्रकाशन
300 _a158
_bमोठा
600 _aकधी बहर कधी शिशिर
942 _cBOOK
999 _c241650
_d241650